| 000 | 00682nam a2200217Ia 4500 | ||
|---|---|---|---|
| 001 | 19080 | ||
| 003 | GE_BSU | ||
| 008 | 181216s||||||||xx |||||||||||||| ||und|| | ||
| 040 | _cGE_BSU | ||
| 245 | _aРеферативный журнал, №2.2016.Литературоведение | ||
| 245 | _bРаздел. Социальные и гуманитарные науки | ||
| 245 | _cгл.ред.Цурганова Е.А.и др. | ||
| 260 | _aMосква. | ||
| 260 | _bРан Инион | ||
| 260 | _c2016 | ||
| 300 | _a198ст;20см. | ||
| 520 | _aсерия 7 | ||
| 653 | _aРеферативный журнал | ||
| 653 | _aპერიოდიკა | ||
| 942 | _cCR | ||
| 999 |
_c52074 _d52074 |
||